000
00255nam a2200097Ia 4500
008
190216s9999||||xx |||||||||||||| ||und||
100
_a
Dick A Stokev
245
0
_a
"Cycles What They Are ,what They Mean, How To Profit By Them."
260
_b
Null
942
_c
BK
999
_c
9496
_d
9496